000 00528nam a2200169Ia 4500
005 20250508153335.0
008 008 250505s9999 xx 000 0 eng d
037 _aTextual
040 _aFEDL
_beng
_cFEDL
041 _aeng
_2eng
084 _a676.286, UNE
_qFEDL
245 0 _aProblem of newsprint and other printing paper
260 _aParis, France
_bUnited Nations Educational, Scientific and Cultural Organization
_c1949
300 _a111p.
942 _cTEXL
_h676.286, UNE
999 _c1342139
_d1342139